000
00205 a2200097 4500
001
786
100
_a
Hunter,L.P
245
_a
Semiconductor electronics handbook
260
_a
_b
HMSo
_c
090
_c
379
_d
379
942
_a
NUST-CAE
_c
M
_c
30033
999
_c
235859
_d
235859